Вып. 11; Материалы по геологии и полезным ископаемым Якутской АССР

Dettagli Bibliografici
Parent link:Материалы по геологии и полезным ископаемым Якутской АССР: сборник/ РСФСР, Главное управление геологии и охраны недр при Совете министров ; Якутское территориальное геологическое управление. Вып. 11.— , 1960-1971
Altri autori: Кобеляцкий И. А. (редактор)
Lingua:russo
Pubblicazione: 1963
Soggetti:
Natura: MixedMaterials Libro
KOHA link:https://koha.lib.tpu.ru/cgi-bin/koha/opac-detail.pl?biblionumber=378576

MARC

LEADER 00000nam2a2200000 4500
001 378576
005 20231102013021.0
035 |a (RuTPU)RU\TPU\retro\36032 
035 |a RU\TPU\retro\36031 
090 |a 378576 
100 |a 20230605d1963 k y0rusy50 ca 
101 0 |a rus 
102 |a RU 
105 |a a z 001zy 
200 0 |a Вып. 11  |f отв. ред. И. А. Кобеляцкий 
210 |d 1963 
215 |a 132 с.  |c ил. 
320 |a Библиография в конце статей 
461 1 |0 (RuTPU)RU\TPU\retro\35503  |t Материалы по геологии и полезным ископаемым Якутской АССР  |o сборник  |f РСФСР, Главное управление геологии и охраны недр при Совете министров ; Якутское территориальное геологическое управление  |v Вып. 11  |d 1960-1971 
606 1 |a Геология  |y Якутия  |2 stltpush  |3 (RuTPU)RU\TPU\subj\72294  |9 85856 
606 1 |a Геология региональная  |2 stltpush  |3 (RuTPU)RU\TPU\subj\6120  |9 34078 
610 1 |a сборники 
610 1 |a геология 
610 1 |a полезные ископаемые 
610 1 |a Якутия 
610 1 |a разведка 
610 1 |a стратиграфия 
610 1 |a геоморфология 
610 1 |a аллювиальные отложения 
610 1 |a позднекембрийские отложения 
610 1 |a Вилюйская впадина 
610 1 |a междуречье 
610 1 |a триасовые отложения 
610 1 |a возраст 
610 1 |a кимберлитовые трубки 
610 1 |a наледи 
610 1 |a алмазы 
610 1 |a золоторудные месторождения 
610 1 |a геоморфология 
675 |a 55(571.56)  |v 3 
675 |a 55(1/9)  |v 3 
702 1 |a Кобеляцкий  |b И. А.  |4 340 
801 1 |a RU  |b 63413507  |c 20050120  |g PSBO 
801 2 |a RU  |b 63413507  |c 20230605  |g PSBO 
942 |c BK